000
00311nam a22001457a 4500
008
221010b ||||| |||| 00| 0 eng d
020
_a
9780534141905
041
_a
eng
080
_a
51
082
_a
51 YAN
100
_a
20.1
101
_a
MATE
245
_a
FINITE MATHEMATICS
_c
YANDIL A
942
_2
udc
_c
BK
999
_c
58456
_d
58456